000 00412cam a2200169ua 4500
041 _aeng
_h
082 _a823.308
_bDIC/MA
100 _aDickens, Charles.
245 _aMartin Chuzzlewit /
_cCharles Dickens.
_hTextual Documents
250 _a1 /
_b.
260 _aLondon :
_bJ M Dent and Sons Ltd ,
_c1957.
300 _a160 ; .
504 _a
942 _cBK
999 _c7605
_d7605